MAASAI MARA UNIVERSITY

LIBRARY CATALOGUE

Contact Us: +254 020 2685356/7 or 0774 057787

Box: 861-20500, NAROK, KENYA

Email: info@mmarau.ac.ke

Tennent John (Record no. 1247)

MARC details
000 -LEADER
fixed length control field 00409nam a2200145Ia 4500
008 - FIXED-LENGTH DATA ELEMENTS--GENERAL INFORMATION
fixed length control field 151015s9999 xx 000 0 und d
020 ## - INTERNATIONAL STANDARD BOOK NUMBER
International Standard Book Number 9.7818619792e+012
050 ## - LIBRARY OF CONGRESS CALL NUMBER
Classification number HG4026T46 2001
245 ## - TITLE STATEMENT
Title Tennent John
250 ## - EDITION STATEMENT
Edition statement _Guide to business Modelling (2nd ed.)
300 ## - PHYSICAL DESCRIPTION
Extent UK The economist 2001
500 ## - GENERAL NOTE
General note Includes Index
650 ## - SUBJECT ADDED ENTRY--TOPICAL TERM
Topical term or geographic name as entry element _business modelling
700 ## - ADDED ENTRY--PERSONAL NAME
Personal name ^d20110204 10:15:05^okorir

No items available.

© 2016 Maasai Mara University.